000 00292nam a2200133 i 4500
001 bg
100 1 _aPARILIS, E. S.
245 0 _aEffekt Oże /
_cE.S. Parilis.
260 _aTaszkient,
_c1967.
040 _cBPK
041 _apol
942 _cKS
008 s pl f |000 0 pol
999 _c12748
_d12748
856 _uhttp://koha.tu.koszalin.pl/cgi-bin/koha/opac-detail.pl?biblionumber=12748
_yKatalog online BPK